Statistiken für Mitglieder des Orden des Phönix

Klicken Sie hier um das Quiz zu spielen!

Allgemein

  • Dieses Quiz wurde 50 mal gespielt
  • Das Durchschnittsergebnis liegt bei 13 aus 32

Antwortstatistiken

HintAntwort% Korrekt
26Severus Snape
87%
1Sirius Black
87%
7Albus Dumbledore
82%
15Remus Lupin
82%
30Molly Weasley
74%
27Nymphadora Tonks
74%
19Alastor Moody
71%
21James Potter
66%
22Lily Potter
66%
29Arthur Weasley
63%
31Bill Weasley
55%
13Alice Longbottom
50%
14Frank Longbottom
50%
11Rubeus Hagrid
50%
25Kingsley Shacklebolt
42%
16Minerva McConagall
42%
20Peter Pettigrew
39%
32Charlie Weasley
37%
6Aberforth Dumbledore
34%
10Mundungus Fletcher
34%
4Dädalus Diggel
16%
12Hestia Jones
13%
9Arabella Figg
11%
28Emmeline Vance
11%
2Edgar Bones
8%
5Elphias Doge
5%
23Fabian Prewett
5%
24Gideon Prewett
5%
17Marlene McKinnon
5%
8Benjy Fenwick
3%
3Caradoc Dearborn
3%
18Dorcas Meadowes
3%

Verteilung der Resultate

Perzentil nach korrekt beantworteten Fragen

Anzahl Personen mit jedem Resultat

Ihre Resultats-Entwicklung

Sie haben dieses Quiz noch nicht gespielt